<?xml version="1.0" encoding="UTF-8"?>
<collection xmlns="http://www.loc.gov/MARC21/slim">
    <record>
        <controlfield tag="001">9689</controlfield>
        <controlfield tag="005">20190219123655.0</controlfield>
        <datafield tag="020" ind1=" " ind2=" ">
            <subfield code="a">978-84-695-8817-8</subfield>
        </datafield>
        <datafield tag="037" ind1=" " ind2=" ">
            <subfield code="a">TESIS-2012-122</subfield>
        </datafield>
        <datafield tag="041" ind1=" " ind2=" ">
            <subfield code="a">spa</subfield>
        </datafield>
        <datafield tag="080" ind1=" " ind2=" ">
            <subfield code="a">796.4:37</subfield>
        </datafield>
        <datafield tag="100" ind1="1" ind2=" ">
            <subfield code="a">Peñarrubia Lozano, Carlos</subfield>
        </datafield>
        <datafield tag="245" ind1="0" ind2="0">
            <subfield code="a">Estudio colaborativo de caso sobre propuestas didácticas de Actividades en el medio natural</subfield>
        </datafield>
        <datafield tag="260" ind1=" " ind2=" ">
            <subfield code="a">Zaragoza</subfield>
            <subfield code="b">Universidad de Zaragoza, Prensas de la Universidad</subfield>
            <subfield code="c">2012</subfield>
        </datafield>
        <datafield tag="300" ind1=" " ind2=" ">
            <subfield code="a">495</subfield>
        </datafield>
        <datafield tag="490" ind1="0" ind2=" ">
            <subfield code="a">Tesis de la Universidad de Zaragoza</subfield>
            <subfield code="v">2012-38</subfield>
            <subfield code="x">2254-7606</subfield>
        </datafield>
        <datafield tag="500" ind1=" " ind2=" ">
            <subfield code="a">Presentado:  14 09 2012</subfield>
        </datafield>
        <datafield tag="502" ind1=" " ind2=" ">
            <subfield code="a">Tesis-Univ. Zaragoza, Fisiatría y Enfermería, 2012</subfield>
            <subfield code="b">Zaragoza, Universidad de Zaragoza</subfield>
            <subfield code="c">2012</subfield>
        </datafield>
        <datafield tag="506" ind1=" " ind2=" ">
            <subfield code="a">by-nc-nd</subfield>
            <subfield code="b">Creative Commons</subfield>
            <subfield code="c">3.0</subfield>
            <subfield code="u">https://creativecommons.org/licenses/by-nc-nd/3.0/</subfield>
        </datafield>
        <datafield tag="520" ind1=" " ind2=" ">
            <subfield code="a">El desarrollo de esta investigación se fundamenta en la impulsión del bloque de contenidos de Actividades en el medio natural dentro del área de Educación Física, al considerar que son contenidos con un alto valor educativo. En la elaboración de esta investigación, la enseñanza se ha concebido como un proceso continuo de mejora, tanto para el profesorado como para el alumnado y para los propios contenidos de aprendizaje, requiriendo para ello dos elementos fundamentales: primero, el análisis de la realidad y segundo, una posterior reflexión en busca de esa mejora pretendida. De entre las diferentes posibilidades de esta metodología -investigación-acción-, se ha optado en esta ocasión por la investigación-acción colaborativa, en la que el trabajo cooperativo adquiere un papel importante en la formación del profesorado, utilizando el diálogo y el intercambio de conocimientos como medios para lograr un aumento en la calidad del proceso de enseñanza-aprendizaje. Por tanto, las conclusiones de la investigación se centran en dos puntos de interés: 1. La promoción de las Actividades en el medio natural en el ámbito educativo. El profesorado otorga a este tipo de prácticas físico-deportivas un gran valor educativo, al permitir un trabajo combinado de diferentes aspectos -físicos, psicológicos, sociales, educativos o formativos-, que además permiten fomentar en el alumnado una actitud respetuosa con el medio natural. 2. El trabajo colaborativo como medio de formación permanente. Se destaca la idoneidad de esta estrategia de actuación para la incorporación de contenidos innovadores de Actividades en el medio natural en el área de Educación Física, constatando la superación de las limitaciones propias de este bloque de contenidos.</subfield>
        </datafield>
        <datafield tag="653" ind1="1" ind2=" ">
            <subfield code="a">pedagogía</subfield>
        </datafield>
        <datafield tag="653" ind1="1" ind2=" ">
            <subfield code="a">métodos educativos</subfield>
        </datafield>
        <datafield tag="653" ind1="1" ind2=" ">
            <subfield code="a">teoría de la educación</subfield>
        </datafield>
        <datafield tag="653" ind1="1" ind2=" ">
            <subfield code="a">sociología de la educación</subfield>
        </datafield>
        <datafield tag="653" ind1="1" ind2=" ">
            <subfield code="a">métodos de investigación social</subfield>
        </datafield>
        <datafield tag="700" ind1=" " ind2=" ">
            <subfield code="a">Guillén Correas, Roberto</subfield>
            <subfield code="e">dir.</subfield>
        </datafield>
        <datafield tag="700" ind1=" " ind2=" ">
            <subfield code="a">Lapetra Costa, Susana</subfield>
            <subfield code="e">dir.</subfield>
        </datafield>
        <datafield tag="710" ind1="2" ind2=" ">
            <subfield code="a">Universidad de Zaragoza</subfield>
            <subfield code="b">Fisiatría y Enfermería</subfield>
        </datafield>
        <datafield tag="856" ind1="0" ind2=" ">
            <subfield code="f">zaguan@unizar.es</subfield>
        </datafield>
        <datafield tag="856" ind1="4" ind2=" ">
            <subfield code="s">8909914</subfield>
            <subfield code="u">http://zaguan.unizar.es/record/9689/files/TESIS-2012-122.pdf</subfield>
            <subfield code="z">Texto completo (spa)</subfield>
        </datafield>
        <datafield tag="909" ind1="C" ind2="O">
            <subfield code="o">oai:zaguan.unizar.es:9689</subfield>
        </datafield>
        <datafield tag="909" ind1="c" ind2="o">
            <subfield code="p">tesis</subfield>
        </datafield>
        <datafield tag="909" ind1="C" ind2="O">
            <subfield code="p">driver</subfield>
        </datafield>
        <datafield tag="910" ind1="2" ind2=" ">
            <subfield code="a">Educación física y deportiva</subfield>
            <subfield code="b">Fisiatría y Enfermería</subfield>
        </datafield>
        <datafield tag="980" ind1=" " ind2=" ">
            <subfield code="a">TESIS</subfield>
        </datafield>
    </record>

    
</collection>